000
00352nam a2200169Ia 4500
100
_a
Jain/Alok
650
_a
Power electronics
250
_a
2
942
_c
BK
366
_f
25
245
_a
Power electronics and its applications
260
_b
Penram
_c
2008
082
_a
621.317
_b
JAI
300
_a
489
546
_a
ENGLISH
_c
TTL
999
_c
27253
_d
27253